Vanuatu : Selected Issues and Statistical Appendix.

This Selected Issues paper analyzes fiscal management and strategy for growth for Vanuatu. It presents an overview of recent fiscal policy and outcomes. The main structural changes in the financial sector since independence in 1980 are discussed. The paper highlights some key features common to most...

Popoln opis

Bibliografske podrobnosti
Korporativna značnica: International Monetary Fund
Format: Revija
Jezik:English
Izdano: Washington, D.C. : International Monetary Fund, 2005.
Serija:IMF Staff Country Reports; Country Report ; No. 2005/121
Online dostop:Full text available on IMF
LEADER 01561cas a2200241 a 4500
001 AALejournalIMF008804
008 230101c9999 xx r poo 0 0eng d
020 |c 5.00 USD 
020 |z 9781451840551 
022 |a 1934-7685 
040 |a BD-DhAAL  |c BD-DhAAL 
110 2 |a International Monetary Fund. 
245 1 0 |a Vanuatu :   |b Selected Issues and Statistical Appendix. 
264 1 |a Washington, D.C. :  |b International Monetary Fund,  |c 2005. 
300 |a 1 online resource (52 pages) 
490 1 |a IMF Staff Country Reports 
500 |a <strong>Off-Campus Access:</strong> No User ID or Password Required 
500 |a <strong>On-Campus Access:</strong> No User ID or Password Required 
506 |a Electronic access restricted to authorized BRAC University faculty, staff and students 
520 3 |a This Selected Issues paper analyzes fiscal management and strategy for growth for Vanuatu. It presents an overview of recent fiscal policy and outcomes. The main structural changes in the financial sector since independence in 1980 are discussed. The paper highlights some key features common to most Pacific Island countries' financial systems. It concludes that despite the recovery from the 1998 financial crisis, the financial system needs further reforms to promote private sector-led development in the medium term. 
538 |a Mode of access: Internet 
830 0 |a IMF Staff Country Reports; Country Report ;  |v No. 2005/121 
856 4 0 |z Full text available on IMF  |u http://elibrary.imf.org/view/journals/002/2005/121/002.2005.issue-121-en.xml  |z IMF e-Library